Statistiques concernant Culture Générale - Série 868

Cliquez ici pour prendre le quiz!

Statistiques générales

  • Ce quiz a été pris 73 fois
  • Le résultat moyen est 5 sur 10

Statistiques - réponses

QuestionRéponse% Correct
Complétez cette expression : "Jeu de main, jeu de...vilain
96%
Quel système de division du temps peut être "romain", "grégorien", "lunaire" ou "de l'avent" ?calendrier
91%
Dans quel pays est né Henry Dunant, le fondateur de la Croix-Rouge ?Suisse
87%
Quel terme signifiant la fin peut-on opposer au "prologue" ?epilogue
84%
Quelle plante du bord des étangs, à tige droite, porte le même nom que la capitale de la Dominique ?Roseau
62%
Quel mot désigne à la fois un bracelet, et une chaînette qui fixe le mors du cheval ?gourmette
28%
Qui assassina le roi de France Henri III, en 1589 ?Jacques Clément
25%
Il peut être un appareil à souder ou un instrument de musiquechalumeau
9%
Quelle actrice et réalisatrice française est l'épouse du navigateur Philippe Poupon ?Géraldine Danon
4%
Quel nom donne-t-on à un élève de Polytechnique ?pipo
3%

Distribution des résultats

Percentile par nombre de réponses

% des personnes avec chaque résultat

Votre développement - résultats

Vous n’avez pas pris ce quiz